Les 10 villes les plus peuplées de l'Essonne (91) - Statistiques

Statistiques générales
  • Ce quiz a été pris 115 fois
  • Le résultat moyen est 6 sur 10
Statistiques - réponses
Population Communes % Correct
66 700 Évry-Courcouronnes
97%
50 600 Massy
74%
53 700 Corbeil-Essonnes
68%
36 100 Palaiseau
59%
37 800 Savigny-sur-Orge
53%
30 300 Ris-Orangis
50%
36 500 Athis-Mons
49%
35 700 Sainte-Geneviève-des-Bois
44%
31 100 Viry-Châtillon
43%
31 200 Vigneux-sur-Seine
35%
Aucun quiz correspondant
Distribution des résultats
% des personnes avec chaque résultat
Percentile par nombre de réponses
Votre historique - résultats
Vous n’avez pas pris ce quiz